000 00560nam a2200229Ia 4500
003 OSt
005 20220912144328.0
006 a|||||r|||| 00| 0
007 ta
008 220909b |||||||| |||| 00| 0 eng d
020 _aSL01174405
024 _a190951
037 _cTextual
040 _aCSL
_beng
_cCSL
041 _aeng
082 _aY2(P31)0bs:55, NO
100 _aTrawick M
245 0 _aNotes on Love in a Tamil Family
700 _aTrawick M
942 _hY2(P31)0bs:55, NO
_cTEXL
_2CC
999 _c5038
_d5038